[Event "Bari op"]
[Site "Bari"]
[Date "2005.01.23"]
[Round "3"]
[White "Garrapa, Gianluigi"]
[Black "Pascali, Frederic"]
[Result "1/2-1/2"]
[WhiteElo "1981"]
[BlackElo "1831"]
[PlyCount "80"]
[EventDate "2005.01.22"]
[EventType "swiss"]
[EventRounds "6"]
[EventCountry "ITA"]
[SourceTitle "EXT 2007"]
[Source "ChessBase"]
[SourceDate "2006.11.23"]
[SourceVersion "1"]
[SourceVersionDate "2006.11.23"]
[SourceQuality "1"]

1. e4 e6 2. d4 d5 3. Nd2 Nf6 4. e5 Nfd7 5. Bd3 c5 6. c3 Nc6 7. Ne2 cxd4 8. cxd4 Be7 9. 0-0 0-0 10. f4 f6 11. exf6 Nxf6 12. Nf3 Bd7 13. Ne5 Rc8 14. Kh1 Nb4 15. Nxd7 Qxd7 16. Bb1 Ne4 17. a3 Nc6 18. Be3 Na5 19. Bxe4 dxe4 20. Nc3 Nc4 21. Bc1 Rfd8 22. Qg4 e3 23. Rd1 Bf6 24. Ne4 Qe7 25. Nxf6+ Qxf6 26. b3 Nd6 27. Bxe3 Nf5 28. Bg1 Kf8 29. Rac1 g6 30. d5 Rxc1 31. Rxc1 exd5 32. Rc7 h5 33. Bc5+ Kg8 34. Qd1 b6 35. Bg1 a5 36. Qc1 d4 37. Qc4+ Kh8 38. Rc6 Rd6 39. Rc8+ Rd8 40. Rc6 Rd6 1/2-1/2

[Event "Bari op"]
[Site "Bari"]
[Date "2004.??.??"]
[Round "6"]
[White "Pascali, Frederic"]
[Black "Laghetti, Gaetano"]
[Result "0-1"]
[WhiteElo "1730"]
[BlackElo "1720"]
[PlyCount "97"]
[EventDate "2004.??.??"]
[EventType "swiss"]
[EventRounds "6"]
[EventCountry "ITA"]
[SourceTitle "EXT 2007"]
[Source "ChessBase"]
[SourceDate "2006.11.23"]
[SourceVersion "1"]
[SourceVersionDate "2006.11.23"]
[SourceQuality "1"]

1. Nf3 Nf6 2. e3 g6 3. d4 Bg7 4. c4 0-0 5. Nc3 d6 6. Bd3 Bg4 7. h3 Bd7 8. 0-0 c5 9. d5 Na6 10. a3 Nc7 11. e4 Nh5 12. g4 Nf6 13. Nh2 Rb8 14. f4 b5 15. e5 Nfe8 16. Nf3 bxc4 17. Bxc4 Nb5 18. Ne4 Qc8 19. Nf2 e6 20. Re1 Qb7 21. a4 Nbc7 22. dxe6 Nxe6 23. exd6 Nd4 24. Nxd4 cxd4 25. Ne4 Bc6 26. Bd3 Rd8 27. Rb1 Nxd6 28. Nc5 Qb4 29. Na6 Qb6 30. b4 Bb7 31. Nc5 Ba8 32. Qc2 Qc6 33. Qh2 Rfe8 34. Ba3 Re3 35. Rxe3 dxe3 36. Be2 Ne4 37. Bf3 f5 38. gxf5 gxf5 39. Nxe4 fxe4 40. Be2 Rd2 41. Kf1 Qxa4 42. f5 Qxa3 43. Qb8+ Bf8 44. Bc4+ Bd5 45. Qg3+ Kf7 46. Qc7+ Be7 47. Bxd5+ Rxd5 48. Qc8 Qd3+ 49. Kg2 0-1

[Event "Secondario 15th"]
[Site "Caorle"]
[Date "1990.07.10"]
[Round "4.51"]
[White "Iatrino, Vincenzo"]
[Black "Pascali, Frederic"]
[Result "1-0"]
[WhiteElo "1839"]
[BlackElo "1755"]
[PlyCount "47"]
[EventDate "1990.07.07"]
[EventType "swiss"]
[EventRounds "8"]
[EventCountry "ITA"]
[SourceTitle "EXT 2023"]
[Source "ChessBase"]
[SourceDate "2022.10.05"]
[SourceVersion "1"]
[SourceVersionDate "2022.10.05"]
[SourceQuality "1"]

1. e4 e6 2. d4 d5 3. Nc3 Bb4 4. e5 c5 5. a3 Bxc3+ 6. bxc3 Ne7 7. Qg4 Nf5 8. Bd3 h5 9. Qf4 cxd4 10. Bxf5 exf5 11. cxd4 Qc7 12. Bd2 Qxc2 13. Rc1 Qxc1+ 14. Bxc1 Nc6 15. Ne2 Bd7 16. Nc3 Ne7 17. 0-0 Rc8 18. Bd2 a6 19. Qg5 g6 20. Qf6 Rg8 21. Rb1 Rc6 22. Qg5 b5 23. Ne2 Rc4 24. Bb4 1-0